| 000 | 01285cam a2200193 a 4500 | ||
|---|---|---|---|
| 999 |
_c4090 _d4090 |
||
| 020 | _a013603344X | ||
| 022 | _a9780136033448 | ||
| 050 | 0 | 0 |
_aBF121 _b.M83 |
| 100 | 1 | _aMorris, Charles G. | |
| 245 | 1 | 0 |
_aPsychology : _bthe core / _cCharles G. Morris, Albert A. Maisto. |
| 250 | _a1st ed. | ||
| 260 |
_aUpper Saddle River, N.J. : _bPearson Education/Prentice Hall, _cc2009. |
||
| 300 |
_axx, 392 p. _bcol. ill., charts, photographs ; _c28 cm. |
||
| 500 | _aIncludes bibliographical references and index | ||
| 505 | _aCHAPTER 1 - The Science of Psychology CHAPTER 2 - The Biological Basis of Behavior CHAPTER 3 - Sensation and Perception CHAPTER 4 - States of Consciousness CHAPTER 5 - Learning CHAPTER 6 - Memory CHAPTER 7 - Cognition and Mental Abilities CHAPTER 8 - Motivation and Emotion CHAPTER 9 - Life-Span Development CHAPTER 10 - Personality CHAPTER 11 - Stress and Health Psychology CHAPTER 12 - Psychological Disorders CHAPTER 13 - Therapies CHAPTER 14 - Social Psychology Appendix -- Measurement and Statistical Methods Answer Key Answers to Check Your Understanding Questions Answers to Problems in Chapter 7 Answers to Intelligence Test Questions in Chapter 7 Glossary References Photo Credits Index | ||
| 650 | 0 | _aPsychology | |
| 700 | 1 | _aMaisto, Albert A. | |
| 942 | _cBK | ||